000 01406nam a2200349 i 4500
001 ebr10773251
003 CaPaEBR
006 m o d
007 cr cn|||||||||
008 111102s2010 bcc o 000 0 eng d
020 _a9781554693764 (e-book)
020 _z9781551439259
040 _aCaPaEBR
_beng
_erda
_epn
_cCaPaEBR
035 _a(OCoLC)649891950
050 1 4 _aLB1631
_b.H37 2010eb
100 1 _aHarvey, Sarah N.,
_d1950-
245 1 0 _aOrca sports resource guide :
_bhigh interest sports action /
_c[Sarah Harvey, Susan Grey and Janice Reynolds].
264 1 _aVictoria, British Columbia :
_bOrca Book Publishers,
_c2010.
300 _a1 online resource (155 pages)
336 _atext
_2rdacontent
337 _acomputer
_2rdamedia
338 _aonline resource
_2rdacarrier
588 _aDescription based on online resource; title from PDF title page (ebrary, viewed October 18, 2013).
590 _aElectronic reproduction. Palo Alto, Calif. : ebrary, 2013. Available via World Wide Web. Access may be limited to ebrary affiliated libraries.
650 0 _aLanguage arts.
650 0 _aLanguage arts (Middle school)
655 0 _aElectronic books.
700 1 _aGrey, Susan.
700 1 _aReynolds, Janice.
797 2 _aebrary.
856 4 0 _uhttp://site.ebrary.com/lib/rucke/Doc?id=10773251
_zAn electronic book accessible through the World Wide Web; click to view
999 _c129473
_d129473